00340nam a2200145Ia 4500008004000000041000800040082001100048100002100059245003000080260004200110650001200152650001100164650000700175650001200182210210b1925 xxu||||| |||| 00| 0 eng d aeng a334/53 aSELIGMAN (E R A) aStudies in public finance aNew YorkbThe Macmillan Companyc1925 aStudies apublic ain afinance